| 000 | 00555nam a22001817a 4500 | ||
|---|---|---|---|
| 005 | 20180731173709.0 | ||
| 010 | _aB-062077 | ||
| 020 |
_a8125910832 _c90.00 |
||
| 035 | _aB-062077 | ||
| 037 | _bVikas Publishing House Pvt. Ltd. | ||
| 082 | _a480 | ||
| 100 | _aSreevalsan, M.C. | ||
| 245 |
_aSpoken English: _ba hand-on-guide to english conversation practive _cM.C. Sreevalsan |
||
| 260 |
_aNew Delhi _bVikas Publishing House Pvt. Ltd. |
||
| 300 |
_a362p. _c21cm.(pbk) |
||
| 942 |
_2ddc _cEN _h480 _mSRE |
||
| 999 |
_c155223 _d155223 |
||